[Event "Bangkok Cha Am op 19th"]
[Site "Bangkok"]
[Date "2019.04.06"]
[Round "1"]
[White "Karthik, Venkataraman"]
[Black "Calacday, Henry"]
[Result "1-0"]
[WhiteElo "2505"]
[BlackElo "1820"]
[PlyCount "77"]
[EventDate "2019.04.06"]
[EventType "swiss"]
[EventRounds "9"]
[EventCountry "THA"]
[SourceTitle "CBM 189 Extra"]
[Source "ChessBase"]
[SourceDate "2019.05.31"]
[SourceVersion "1"]
[SourceVersionDate "2019.05.31"]
[SourceQuality "1"]

1. c4 g6 2. g3 Bg7 3. Bg2 d6 4. Nc3 Nc6 5. b3 e5 6. Bb2 f5 7. e3 Nf6 8. Nge2 0-0 9. 0-0 g5 10. f4 gxf4 11. exf4 e4 12. d3 Ng4 13. Qd2 e3 14. Qc1 Nb4 15. Qb1 Nf2 16. Nc1 c6 17. a3 Na6 18. b4 Qe8 19. N3e2 Qh5 20. Bxg7 Kxg7 21. Qb2+ Rf6 22. Qd4 Ng4 23. h3 Nf2 24. Qxe3 Nxh3+ 25. Bxh3 Qxh3 26. Qe7+ Kg6 27. Rf2 Re6 28. Qg5+ Kf7 29. Rh2 h6 30. Rxh3 hxg5 31. fxg5 Rg6 32. Rh5 Bd7 33. Nf4 Rg7 34. Nce2 Rag8 35. g6+ Kf6 36. Rf1 Ke7 37. Nd4 c5 38. Re1+ Kd8 39. Nde6+ 1-0

[Event "Chiang Mai op"]
[Site "Chiangmai"]
[Date "2019.03.28"]
[Round "3"]
[White "Habla, Jony"]
[Black "Calacday, Henry"]
[Result "1-0"]
[WhiteElo "2167"]
[BlackElo "1787"]
[PlyCount "71"]
[EventDate "2019.03.27"]
[EventType "swiss"]
[EventRounds "9"]
[EventCountry "THA"]
[SourceTitle "CBM 190 Extra"]
[Source "ChessBase"]
[SourceDate "2019.07.15"]
[SourceVersion "1"]
[SourceVersionDate "2019.07.15"]
[SourceQuality "1"]

1. d4 g6 2. h4 Bg7 3. h5 c5 4. e3 cxd4 5. exd4 Qb6 6. c3 d6 7. Na3 Nc6 8. Nc4 Qc7 9. Bd3 Be6 10. Ne3 Nf6 11. Ne2 Bh6 12. f3 Bxe3 13. Bxe3 Nxh5 14. Bh6 0-0-0 15. Qd2 Kb8 16. c4 Bc8 17. a3 e5 18. g4 Nf4 19. Nxf4 exf4 20. Qxf4 Qb6 21. 0-0-0 Nxd4 22. Qxf7 Be6 23. Qf6 Rhe8 24. Kb1 Nb3 25. Rhe1 Nc5 26. Be3 Bg8 27. b4 Re6 28. Qf4 Ka8 29. Be4 a5 30. Re2 Nxe4 31. Bxb6 Nc3+ 32. Kc2 Nxe2 33. Qg5 Rde8 34. Qxa5+ Kb8 35. Qa7+ Kc8 36. Qa8+ 1-0

[Event "THA Amatuer-ch"]
[Site "Thailand"]
[Date "2019.02.19"]
[Round "6"]
[White "Burbach, Brunel Baron"]
[Black "Calacday, Henry"]
[Result "1/2-1/2"]
[WhiteElo "1694"]
[BlackElo "1812"]
[PlyCount "111"]
[EventDate "2019.02.16"]
[EventType "swiss"]
[EventRounds "7"]
[EventCountry "THA"]
[SourceTitle "CBM 189 Extra"]
[Source "ChessBase"]
[SourceDate "2019.05.31"]
[SourceVersion "1"]
[SourceVersionDate "2019.05.31"]
[SourceQuality "1"]

1. e4 g6 2. d4 d6 3. Nc3 Bg7 4. Be3 Nc6 5. Bb5 a6 6. Bxc6+ bxc6 7. Nge2 Nf6 8. Qd2 Ng4 9. Bf4 Rb8 10. b3 e5 11. dxe5 Nxe5 12. 0-0 0-0 13. Bh6 Qh4 14. Bxg7 Kxg7 15. f4 Ng4 16. Qd4+ Qf6 17. Qxf6+ Nxf6 18. Ng3 Re8 19. Rae1 a5 20. Rd1 h5 21. Rfe1 h4 22. Nf1 Bg4 23. Rd3 a4 24. e5 Nh5 25. Rd4 axb3 26. cxb3 c5 27. Ra4 Bd7 28. Ra7 Nxf4 29. Rxc7 Bf5 30. Nd2 dxe5 31. Nde4 Rbd8 32. g3 hxg3 33. hxg3 Ne6 34. Ra7 Nd4 35. Kf2 Rh8 36. Kg2 Bh3+ 37. Kf2 Bg4 38. Rg1 Bf3 39. Ng5 Rh2+ 40. Ke3 Bd5 41. Nxd5 Rxd5 42. Rxf7+ Kg8 43. Rf2 Nf5+ 44. Ke2 Rd2+ 45. Kxd2 Rxf2+ 46. Kc3 Rxa2 47. Kc4 Ra5 48. Re1 Nxg3 49. Rxe5 Nf1 50. Rxc5 Nd2+ 51. Kb4 Rxc5 52. Kxc5 Nxb3+ 53. Kd5 Kg7 54. Nh3 Nd2 55. Nf4 g5 56. Ne6+ 1/2-1/2